|
|
|
|
| LEADER |
00000nam a2200000 a 4500 |
| 001 |
vtls009530662 |
| 003 |
SK-MaSNL |
| 005 |
20260301024852.0 |
| 008 |
240318s2009 xo a c 000 0 slo |
| 015 |
|
|
|a SNBA2009/07-03522
|
| 020 |
|
|
|a 9788010016907
|q (brož.)
|
| 035 |
|
|
|a 825B661E-DDE2-46ED-8687-42AFC7AF85C2
|
| 035 |
|
|
|a urn:nbn:sk:snk-amkxe7
|
| 035 |
|
|
|a urn:nbn:sk:snk-am008253
|
| 040 |
|
|
|a SNK
|b slo
|c SNK
|e AACR2
|
| 041 |
0 |
|
|a slo
|
| 044 |
|
|
|a xo
|c SK
|
| 072 |
|
7 |
|a 37.016
|x Učebné osnovy. Vyučovacie predmety. Učebnice
|2 konspekt
|
| 072 |
|
7 |
|a 028
|x Čítanie
|2 konspekt
|
| 080 |
|
|
|a 37.016:028-028.31
|2 2001
|
| 080 |
|
|
|a (075.2)
|2 2001
|
| 080 |
|
|
|a (076.1)
|2 2001
|
| 100 |
1 |
|
|a Maňková, Veronika
|4 aut
|9 21466
|
| 245 |
1 |
0 |
|a Pracovné listy k Čítanke pre 4. ročník špeciálnych základných škôl
|c [Veronika Maňková, Anna Demianičová ; ilustrácie: Danica Paulíčková]
|
| 250 |
|
|
|a 4. vyd.
|
| 260 |
|
|
|a Bratislava
|b Slovenské pedagogické nakladateľstvo
|c 2009
|
| 300 |
|
|
|a 95 l.
|b ilustr.
|c 29 cm
|
| 500 |
|
|
|a Názov z obalu
|
| 650 |
0 |
7 |
|a čítanie
|2 SNKPH
|9 1654
|
| 651 |
|
7 |
|a Reading (Anglicko)
|2 SNKPHeng
|9 183410
|
| 655 |
|
7 |
|a učebnice špeciálnych základných škôl
|2 SNKPH
|9 70204
|
| 655 |
|
7 |
|a pracovné listy
|2 SNKPH
|9 70565
|
| 655 |
|
7 |
|a Textbooks (elementary)
|2 SNKPHeng
|9 276977
|
| 655 |
|
7 |
|a Activity pages
|2 SNKPHeng
|9 303110
|
| 700 |
1 |
|
|a Demianičová, Anna
|4 aut
|9 43383
|
| 700 |
1 |
|
|a Pauličková, Danica,
|d 1953-
|4 ill
|9 8199
|
| 919 |
|
|
|a 978-80-10-01690-7
|
| 968 |
|
|
|d 37
|
| 999 |
|
|
|c 572002
|d 573932
|
| 952 |
|
|
|a SNK
|b SNK
|y PREZ
|7 0
|p 17A0624632
|o snkSB 77927
|i snk2009/11783
|8 0
|0 0
|1 0
|4 0
|d 2009-06-26
|f 1
|l 0
|r 2025-04-28 00:00:00
|w 2026-02-23
|
| 952 |
|
|
|a SNK
|b SNK
|y VYP
|7 0
|p 17A0624631
|o snkSB 77927 D1
|i snk2009/11784
|8 0
|0 0
|1 0
|4 0
|d 2009-06-26
|l 0
|r 2016-06-30 00:00:00
|w 2026-02-23
|